Taylor Swift - Fifteen Lyrics - Statistics

General Stats
  • This quiz has been taken 189 times
  • The average score is 313 of 359
Answer Stats
Answer % Correct
a
100%
fifteen
100%
You
100%
you
100%
"You
100%
your
100%
be
99%
I
99%
love
99%
the
99%
you're
99%
You're
99%
believe
98%
go
98%
gonna
98%
so
98%
when
98%
When
98%
and
96%
And
96%
'Cause
96%
some
96%
tells
96%
do
95%
first
95%
of
95%
somebody
95%
tell
95%
they
95%
to
95%
hi
94%
it
94%
then
94%
boy
93%
in
93%
In
93%
we
93%
day
91%
on
91%
say
91%
them
91%
very
91%
who
91%
at
90%
At
90%
for
90%
friends
90%
It's
90%
deep
89%
take
89%
Abigail
88%
breath
88%
know
88%
best
86%
like
86%
mornin'
86%
next
86%
seen
86%
walk
86%
year
86%
class
85%
football
85%
here
85%
he's
85%
sit
85%
team
85%
car
84%
didn't
84%
feelin'
84%
four
84%
freshman
84%
haven't
84%
she
84%
than
84%
think
84%
this
84%
This
84%
while
84%
years
84%
around
83%
before"
83%
before
83%
both
83%
can
83%
date
83%
got
83%
kiss
83%
one
83%
soon
83%
through
83%
had
81%
out
81%
you'll
81%
cried
80%
datin'
80%
doors
80%
life
80%
redhead
80%
things
80%
was
80%
boys
79%
cool
79%
girls
79%
greater
79%
makes
79%
named
79%
night
79%
senior
79%
they're
79%
as
78%
But
78%
everything
78%
flyin'
78%
Well
78%
We'll
78%
well
78%
ends
77%
his
77%
those
77%
town
77%
will
77%
gave
75%
head
75%
is
75%
mind
75%
spin
75%
stay
75%
thinkin'
75%
Try
75%
way
75%
changed
74%
other
74%
all
73%
him
73%
nothin'
73%
wink
73%
everybody's
72%
Laughin'
72%
look
72%
there's
72%
dancin'
70%
room
70%
up
70%
ain't
69%
don't
69%
'round
69%
what
69%
back
68%
Back
68%
figure
68%
Hopin'
67%
someday
67%
waitin'
67%
could
65%
marry
65%
fall
64%
outta
64%
supposed
64%
now
63%
bigger
62%
dreams
62%
mine
62%
realized
62%
wanted
62%
Wish
62%
yourself
60%
forget
59%
swore
58%
ten
58%
count
57%
mama's
56%
time
51%
find
49%
heal
47%
might
46%
just
44%
anything
42%
most
42%
i've
41%
found
36%
No matching quizzes found
Score Distribution
Percent of People with Each Score
Percentile by Number Answered
Your Score History
You have not taken this quiz